000 00541nam a22001817a 4500
999 _c17817
_d17817
003 AR-CdUCM
008 190509b ||||| |||| 00| 0 spa d
040 _aMUNICIPALIDAD PROVINCIAL DEL CUSCO
_cBIBLIOTECA MUNICIPAL DEL CUSCO
082 _a927.8 /
_bS16
100 _aSalcedo, Angel S
_936163
245 _aRuperto Chapi :
_bSu vida y sus obras /
260 _aCórdoba :
_bEdit. Hesperia,
300 _a206 paginas ;
_c20 cm.
650 _aBiografia
_9437
650 _aMusicos
_95854
942 _2ddc
_cLIBROS
945 _arjall
_d2019-05-09